000 01086cam a22002771 4500
001 gs 48000068
003 DLC
005 20260227111353.0
008 781026s1948 nmu 000 0 eng
010 _ags 48000068
035 _a(OCoLC)4323874
040 _aDLC
_cTxEU
_dOCoLC
_dDLC
042 _apremarc
050 0 0 _aTN24.N6
_bA235 no. 18
100 1 _aPark, Charles Frederick,
_d1903-
245 1 0 _aGeology and ore deposits of Red River and Twining districts, Taos County, New Mexico.
_cA preliminary report by Charles F. Park, Jr. and Philip F. McKinlay. Prepared in cooperation with the Geological Survey, U. S. Dept. of the Interior.
260 _aSocorro,
_c1948.
300 _a35 l.
_billus., maps (1 fold.)
_c28 cm.
410 1 0 _aNew Mexico.
_bBureau of Mines and Mineral Resources.
_tCircular
_v18
504 _aBibliography: leaves 33-35.
504 _aBibliography: p. 4-5.
650 0 _aGeology
_zNew Mexico
_zTaos County.
650 0 _aOre deposits
_zNew Mexico
_zTaos County.
700 1 _aMcKinlay, Philip F.,
_ejoint author.
710 2 _aGeological Survey (U.S.)
999 _c28259
_d28259